000 00317nam a22001217a 4500
020 _a978-93-86752-17-8
082 _a811.214.21 CHO
100 _aCHOUBE, Santhosh, Comp. et al.
245 _aKadhadesh-khand 3-Premchandothar kahani-2
260 _aBhopal
_bAisect Publications
_c2019
300 _a225p.
942 _cBK
999 _c75328
_d75328